Pays les plus proches de la Belgique - une minute sprint - Statistiques

Statistiques générales
  • Ce quiz a été pris 329 fois
  • Le résultat moyen est 13 sur 20
Statistiques - réponses
km pays % Correct
0 France
100%
0 Allemagne
98%
0 Luxembourg
94%
0 Pays-Bas
94%
254 Suisse
92%
80 Royaume-Uni
88%
426 Italie
82%
450 Danemark
78%
357 Autriche
76%
595 Pologne
75%
658 Suède
61%
622 Irlande
60%
734 Norvège
59%
404 Tchèquie
55%
372 Liechtenstein
54%
657 Monaco
52%
785 Slovaquie
39%
668 Slovénie
35%
799 Saint-Marin
29%
731 Croatie
23%
Aucun quiz correspondant
Distribution des résultats
% des personnes avec chaque résultat
Percentile par nombre de réponses
Votre historique - résultats
Vous n’avez pas pris ce quiz